000 00416nam a2200109Ia 4500
008 160909s9999 xx 000 0 und d
100 _aBaxter, Mary
245 _aLife journeys of spiritual healers: A qualitative analysis of the life stories of spiritual healers
260 _bCalifornia Institute of Integral Studies.
_c2016
650 _aNursing
856 _uhttp://pqdtopen.proquest.com/doc/1803306337.html?FMT=ABS
999 _c303965
_d303965